<?xml version="1.0" encoding="UTF-8"?>
<record
    xmlns:xsi="http://www.w3.org/2001/XMLSchema-instance"
    xsi:schemaLocation="http://www.loc.gov/MARC21/slim http://www.loc.gov/standards/marcxml/schema/MARC21slim.xsd"
    xmlns="http://www.loc.gov/MARC21/slim">

  <leader>02096cam a2200349 a 4500</leader>
  <controlfield tag="003">EG-GiCUC</controlfield>
  <controlfield tag="005">20250223031556.0</controlfield>
  <controlfield tag="008">161016s2016    ua dh  f m    000 0 eng d</controlfield>
  <datafield tag="040" ind1=" " ind2=" ">
    <subfield code="a">EG-GiCUC</subfield>
    <subfield code="b">eng</subfield>
    <subfield code="c">EG-GiCUC</subfield>
  </datafield>
  <datafield tag="041" ind1="0" ind2=" ">
    <subfield code="a">eng</subfield>
  </datafield>
  <datafield tag="049" ind1=" " ind2=" ">
    <subfield code="a">Deposite  </subfield>
  </datafield>
  <datafield tag="097" ind1=" " ind2=" ">
    <subfield code="a">M.Sc  </subfield>
  </datafield>
  <datafield tag="099" ind1=" " ind2=" ">
    <subfield code="a">Cai01.11.28.M.Sc.2016.Ba.A</subfield>
  </datafield>
  <datafield tag="100" ind1="0" ind2=" ">
    <subfield code="a">Basma Haroun Fawzy Haroun </subfield>
  </datafield>
  <datafield tag="245" ind1="1" ind2="0">
    <subfield code="a">Assessment of Atrial function in thalassemic and sickle cell disease children using conventional and 2D speckled tracking echocardiography (STE) / </subfield>
    <subfield code="c">Basma Haroun Fawzy Haroun ; Supervised Khaled Mohamed Salama , Mohamed Youssef Abdelrahman , Carolyne Morcos Ibrahim</subfield>
  </datafield>
  <datafield tag="246" ind1="1" ind2="5">
    <subfield code="a">&#x62A;&#x642;&#x64A;&#x64A;&#x645; &#x627;&#x644;&#x648;&#x638;&#x627;&#x626;&#x641; &#x627;&#x644;&#x627;&#x630;&#x64A;&#x646;&#x64A;&#x629; &#x641;&#x649; &#x627;&#x644;&#x627;&#x637;&#x641;&#x627;&#x644; &#x645;&#x631;&#x636;&#x649; &#x627;&#x646;&#x64A;&#x645;&#x64A;&#x627; &#x627;&#x644;&#x628;&#x62D;&#x631; &#x627;&#x644;&#x645;&#x62A;&#x648;&#x633;&#x637; &#x648;&#x627;&#x646;&#x64A;&#x645;&#x64A;&#x627; &#x627;&#x644;&#x62E;&#x644;&#x627;&#x64A;&#x627; &#x627;&#x644;&#x645;&#x646;&#x62C;&#x644;&#x64A;&#x629; &#x628;&#x627;&#x633;&#x62A;&#x62E;&#x62F;&#x627;&#x645; &#x627;&#x644;&#x637;&#x631;&#x64A;&#x642;&#x629; &#x627;&#x644;&#x62A;&#x642;&#x644;&#x64A;&#x62F;&#x64A;&#x629; &#x648;&#x62A;&#x62A;&#x628;&#x639; &#x627;&#x644;&#x646;&#x642;&#x627;&#x637; &#x62B;&#x646;&#x627;&#x626;&#x649; &#x627;&#x644;&#x627;&#x628;&#x639;&#x627;&#x62F; &#x644;&#x644;&#x645;&#x648;&#x62C;&#x627;&#x62A; &#x641;&#x648;&#x642; &#x627;&#x644;&#x635;&#x648;&#x62A;&#x64A;&#x629; &#x639;&#x644;&#x649; &#x627;&#x644;&#x642;&#x644;&#x628; </subfield>
  </datafield>
  <datafield tag="260" ind1=" " ind2=" ">
    <subfield code="a">Cairo : </subfield>
    <subfield code="b">Basma Haroun Fawzy Haroun  , </subfield>
    <subfield code="c">2016</subfield>
  </datafield>
  <datafield tag="300" ind1=" " ind2=" ">
    <subfield code="a">141 P. : </subfield>
    <subfield code="b">charts , facsimiles; </subfield>
    <subfield code="c">25cm</subfield>
  </datafield>
  <datafield tag="502" ind1=" " ind2=" ">
    <subfield code="a">Thesis (M.Sc.) - Cairo University - Faculty of Medicine - Department of Pediatrics</subfield>
  </datafield>
  <datafield tag="520" ind1=" " ind2=" ">
    <subfield code="a">This study done to know Atrial functions in thalassemic and sickle cell disease children using conventional and 2D speckled tracking echocardiography (STE)  It included 15 SCD patients, and 15 thalassemic patients, the study was done on patients of cairo university hospital for pediatrics.  The study showed that 80% of sickle cell disease patients have abnormal LA reservoir function and 60% of thalassemic patients have abnormal  range of LA reservoir function </subfield>
  </datafield>
  <datafield tag="530" ind1=" " ind2=" ">
    <subfield code="a">Issued also as CD</subfield>
  </datafield>
  <datafield tag="653" ind1=" " ind2="4">
    <subfield code="a">Atrial functions</subfield>
  </datafield>
  <datafield tag="653" ind1=" " ind2="4">
    <subfield code="a">Sickle cell disease</subfield>
  </datafield>
  <datafield tag="653" ind1=" " ind2="4">
    <subfield code="a">Thalassemia</subfield>
  </datafield>
  <datafield tag="700" ind1="0" ind2=" ">
    <subfield code="a">Carolyne Morcos Ibrahim , </subfield>
    <subfield code="e">Supervisor</subfield>
  </datafield>
  <datafield tag="700" ind1="0" ind2=" ">
    <subfield code="a">Khaled Mohamed Salama , </subfield>
    <subfield code="e">Supervisor</subfield>
  </datafield>
  <datafield tag="700" ind1="0" ind2=" ">
    <subfield code="a">Mohamed Youssef Abdelrahman , </subfield>
    <subfield code="e">Supervisor</subfield>
  </datafield>
  <datafield tag="856" ind1=" " ind2=" ">
    <subfield code="u">http://172.23.153.220/th.pdf</subfield>
  </datafield>
  <datafield tag="905" ind1=" " ind2=" ">
    <subfield code="a">Nazla</subfield>
    <subfield code="e">Revisor</subfield>
  </datafield>
  <datafield tag="905" ind1=" " ind2=" ">
    <subfield code="a">Soheir</subfield>
    <subfield code="e">Cataloger</subfield>
  </datafield>
  <datafield tag="942" ind1=" " ind2=" ">
    <subfield code="2">ddc</subfield>
    <subfield code="c">TH</subfield>
  </datafield>
  <datafield tag="999" ind1=" " ind2=" ">
    <subfield code="c">58070</subfield>
    <subfield code="d">58070</subfield>
  </datafield>
  <datafield tag="952" ind1=" " ind2=" ">
    <subfield code="2">ddc</subfield>
    <subfield code="7">0</subfield>
    <subfield code="a">CUCL</subfield>
    <subfield code="b">cl210</subfield>
    <subfield code="d">2024-02-11</subfield>
    <subfield code="o">Cai01.11.28.M.Sc.2016.Ba.A</subfield>
    <subfield code="p">01010110069825000</subfield>
    <subfield code="r">2023-09-22 00:00:00</subfield>
    <subfield code="y">TH</subfield>
  </datafield>
  <datafield tag="952" ind1=" " ind2=" ">
    <subfield code="2">ddc</subfield>
    <subfield code="7">0</subfield>
    <subfield code="a">CUCL</subfield>
    <subfield code="b">cl2u8</subfield>
    <subfield code="d">2024-02-11</subfield>
    <subfield code="o">Cai01.11.28.M.Sc.2016.Ba.A</subfield>
    <subfield code="p">01020110069825000</subfield>
    <subfield code="r">2023-09-22 00:00:00</subfield>
    <subfield code="t">69825.CD    </subfield>
    <subfield code="y">CD</subfield>
  </datafield>
</record>
